|
|
|
|
| LEADER |
00000naa2a2200000 4500 |
| 001 |
383398 |
| 005 |
20231101063122.0 |
| 035 |
|
|
|a (RuTPU)RU\TPU\prd\9139
|
| 090 |
|
|
|a 383398
|
| 100 |
|
|
|a 20021216a2002 k y0rusy50 ca
|
| 101 |
0 |
|
|a rus
|
| 102 |
|
|
|a RU
|
| 200 |
1 |
|
|a Концепция возрождения сельскохозяйственного производства
|f И. В. Егоров, Е. В. Чекасина
|
| 225 |
1 |
|
|a Анализ. Методика. Прогнозы
|
| 461 |
|
1 |
|0 (RuTPU)RU\TPU\prd\1141
|t Экология и промышленность России
|o ежемесячный общественный научно-технический журнал
|d 2001-
|
| 463 |
|
1 |
|0 (RuTPU)RU\TPU\prd\2637
|t № 2
|v С. 23-25
|d 2002
|
| 610 |
1 |
|
|a сельскохозяйственное производство
|
| 610 |
1 |
|
|a биотехнологии
|
| 610 |
1 |
|
|a животноводство
|
| 610 |
1 |
|
|a пробиотики
|
| 610 |
1 |
|
|a биогигиген
|
| 610 |
1 |
|
|a азотовит
|
| 610 |
1 |
|
|a бактофосфин
|
| 610 |
1 |
|
|a активатор почвенной флоры
|
| 610 |
1 |
|
|a биопрепараты
|
| 700 |
|
1 |
|a Егоров
|b И. В.
|
| 701 |
|
1 |
|a Чекасина
|b Е. В.
|
| 801 |
|
1 |
|a RU
|b 63413507
|c 20021216
|g PSBO
|
| 942 |
|
|
|c BK
|